000 00543nam a2200181Ia 4500
003 OSt
005 20200907114646.0
008 190216s9999||||xx |||||||||||||| ||und||
020 _a9788121928137
040 _coclc
082 _a536.1
_bLAL/H
100 _aLal, Brij
_94328
245 0 _aHeat Thermodynamics And Statistical Physics /
_cBrij Lal ; N Subrahmanyam ; P S Hemne
260 _bS Chand & Compny,
_aNew Delhi:
_c2007.
300 _a652p
650 _aPhysics
942 _cBK
_2ddc
_h536.1
_iLAL/H
_k536.1
_mLAL/H
999 _c34214
_d34214